| 000 | 02432nab a2200265 i 4500 | ||
|---|---|---|---|
| 003 | BR-BrBNA | ||
| 005 | 20241114161408.0 | ||
| 008 | 241114b2009 bl.qr|pooa||| 00| 0 por | | ||
| 040 |
_aBR-BrBNA _bpor |
||
| 072 | _aF70 | ||
| 100 | _aBallejos, Jana | ||
| 100 | _aBastos, Cid José Passos | ||
| 245 | _aOrthotrichaceae e Rhizogoniaceae (Bryophyta - Bryopsida) do Parque Estadual das Sete Passagens, Bahia, Brasil | ||
| 500 | _aPublicação on-line; 21 ref.; 2 illus.; Summaries (En, Pt) | ||
| 520 | _a RESUMO (Orthotrichaceae e Rhizogoniaceae (Bryophyta - Bryopsida) do Parque Estadual das Sete Passagens, Bahia, Brasil) Orthotrichaceae e Rhizogoniaceae são representadas no Parque Estadual das Sete Passagens por 14 espécies distribuídas em cinco gêneros (quatro de Orthotrichaceae e um de Rhizogoniaceae). Destas espécies, quatro representam novas citações para o estado da Bahia, sendo três novas para a região Nordeste. Ilustrações são apresentadas somente para as primeiras referências. Caracterização morfológica, comentários, grupos briocenológicos, ambiente, distribuição geográfica no mundo e no Brasil são apresentados para todas as espécies. Palavras-chave: Bryophyta, Bryopsida, Orthotrichaceae, Rhyzogoniaceae, florística | ||
| 520 | _a ABSTRACT (Orthotrichaceae and Rhizogoniaceae (Bryophyta - Bryopsida) from State Park of Sete Passagens, Bahia, Brazil) Orthotrichaceae and Rhizogoniaceae are represented at Parque Estadual das Sete Passagens by 14 species classified in five genera (four from Orthotrichaceae and one Rhizogoniaceae). Among the species, four are firstly reported for Bahia, which three are new for northeast region. Illustrations are given for only species which are being reported for the first time. Morphologic characterization, comments, geographic distribution in world and in Brazil were given for all the species. Key words: Bryophyta, Bryopsida, Orthotrichaceae, Rhyzogoniaceae, floristic. | ||
| 650 | _aMUSGO | ||
| 650 | _aCOMPOSIÇÃO BOTÂNICA | ||
| 650 | _aBAHIA | ||
| 650 | _aBRASIL | ||
| 773 | 0 |
_0709 _9346384 _dRio de Janeiro-RJ Jardim Botanico do Rio de Janeiro 1935 _o2024-7053 _tRodriguésia (Brazil) _x0370-6583; 2175-7860 on-line _gv. 60(4) p. 723-733; (2009) _wBR2024003572 |
|
| 856 | _uhttps://www.scielo.br/j/rod/a/FYtjCLtyNJcXTCjqPcVL3QP/?format=pdf&lang=pt | ||
| 942 | _cANA | ||
| 999 |
_c328657 _d328657 |
||